Visualizzazione normale
Vista MARC
- Dondi Andrea
di Personal Name
Records bibliografici associati: 1
001 - CONTROL NUMBER
- control field: 57274
003 - CONTROL NUMBER IDENTIFIER
- control field:
005 - DATE AND TIME OF LATEST TRANSACTION
- control field: 20180703115442.0
008 - FIXED-LENGTH DATA ELEMENTS
- fixed length control field: 180703|| aca||aabn | a|a d
040 ## - CATALOGING SOURCE
- Original cataloging agency:
- Transcribing agency:
100 ## - HEADING--PERSONAL NAME
- Personal name: Dondi Andrea
670 ## - SOURCE DATA FOUND
- Source citation: Work cat.: (): Dondi Andrea, Crescere fratelli e sorelle di bambini con disabilità, 2018